Riconosci il Pokémon - Quiz n°591 - Statistics

Statistiche generali
  • Questo quiz è stato fatto 1 volte
  • Il punteggio medio è 2 su 10
Statistiche sulle risposte
Indizio Riposta % Corretto
Generazione Acqua
100%
Tipo Quarta
100%
Altezza 0,3 m
0%
Tasso di cattura 190 (35.2%)
0%
Sesso 50% ♂, 50% ♀
0%
Peso 6,3 kg
0%
Abilità Antifurto; Acquascolo; Silicoforza
0%
Stadio evoluzione Forma Base
0%
Tasso di allevamento Medio-Veloce
0%
Pokémon Shellos
0%
Nessun quiz corrispondente trovato
Distribuzione punteggi
Percentuale di utenti per punteggio
Percentile per numero di risposta
I tuoi punteggi nel tempo
Non hai fatto questo quiz